Les ânes et chevaux de fiction - Statistiques

Statistiques générales
  • Ce quiz a été pris 86 fois
  • Le résultat moyen est 7 sur 30
Statistiques - réponses
Hint Réponse % Correct
Winnie l'ourson Bourriquet
91%
Lucky Luke Jolly Jumper
80%
Yakari Petit Tonnerre
72%
Zorro Tornado
69%
Astérix et Obélix Mission Cléopâtre Cannabis
49%
La Belle et la Bête (la Belle) Philibert
46%
Mulan Khan
42%
Don Quichotte Rossinante
39%
L'Etalon noir Black
30%
Les Aristochats Frou-frou
30%
Le bossu de Notre-Dame (Phoebus) Achille
24%
Les mémoires d'un âne Cadichon
20%
Les tuniques bleues (Blutch) Arabesque
16%
La ferme des animaux (âne) Benjamin
15%
Fifi Brindacier Oncle Alfred
14%
Cheval de guerre Joey
11%
La ferme des animaux (cheval) Malabar
11%
L'homme qui murmurait à l'oreille des chevaux (Grace) Pilgrim
11%
Conan le Barbare Tonnerre
9%
Philémon (BD) Anatole
8%
Calamity Jane Dakota
8%
Gargantua Grant Jument
8%
Roman de Renart Balduinus
5%
Johan et Pirlouit Bayard
5%
Sacré Graal! Concorde
5%
Buddy Longway Fellow
4%
Voyage avec un âne dans les Cévennes Modestine
4%
Goldorak (Actarus) Ivanhoé
3%
L'homme qui murmurait à l'oreille des chevaux (Judith) Gulliver
1%
Jerry Spring Ruby
1%
Aucun quiz correspondant
Distribution des résultats
% des personnes avec chaque résultat
Percentile par nombre de réponses
Votre historique - résultats
Vous n’avez pas pris ce quiz